Pays commençant par "Ma" - Statistiques

Statistiques générales
  • Ce quiz a été pris 654 fois
  • Le résultat moyen est 7 sur 9
Statistiques - réponses
Pays % Correct
Maroc
84%
Mauritanie
84%
Macédoine du Nord
82%
Mali
81%
Madagascar
79%
Malaisie
79%
Malte
78%
Malawi
68%
Maldives
65%
Aucun quiz correspondant
Distribution des résultats
% des personnes avec chaque résultat
Percentile par nombre de réponses
Votre historique - résultats
Vous n’avez pas pris ce quiz